Giáo trình mạng điện /

Uloženo v:
Podrobná bibliografie
Hlavní autor: Bùi Ngọc Thư
Médium: Kniha
Jazyk:Vietnamese
Vydáno: H. : Trường đại học Bách Khoa , 1975
Vydání:In lần thứ 1
Témata:
Tagy: Přidat tag
Žádné tagy, Buďte první, kdo otaguje tento záznam!
Thư viện lưu trữ: Thư viện Trường CĐ Kỹ Thuật Cao Thắng
LEADER 00651nam a2200205 a 4500
001 TVCDKTCT613
003 Thư viện trường Cao đẳng Kỹ thuật Cao Thắng
005 20050803000000
008 050803
980 \ \ |a Thư viện Trường CĐ Kỹ Thuật Cao Thắng 
024 |a RG_1 #1 eb0 i1 
041 0 # |a vie 
082 # # |a 621.3 /   |b B510TH-gi 
100 1 # |a Bùi Ngọc Thư 
245 0 0 |a Giáo trình mạng điện /  |c Bùi Ngọc Thư 
250 # # |a In lần thứ 1 
260 # # |a H. :  |b Trường đại học Bách Khoa ,  |c 1975 
300 # # |a 499tr. ;  |c 19cm 
650 # 4 |a Mạch điện 
650 # 4 |a Điện tử